000 00765nam a2200241 a 4500
001 000021299
005 20200930011305.0
008 100903s1967 sp r 000 | spa d
020 _a8432504556
040 _aDO-SdBNP
_bspa
_cBNPHU
082 _a928.61
_bA996F
100 1 _aFernández Pombo, Alejandro
_944510
245 1 0 _aMaestro Azorín : /
_cAlejandro Fernández Pombo.
260 _aMadrid, (España) :
_bDONCEL,
_c1967.
300 _a155 p. ;
_c18 cm.
490 1 _aLibro Joven de Bolsillo
500 _aIncluye lista de obras de la colección DONCEL
586 _aPremio Doncel de biografía
600 1 4 _aAZORÍN
_d1874-1967
_xBIOGRAFÍA
_944511
650 4 _aLiteratura española
_9632
830 0 _aLibro Joven de Bolsillo
_913001
049 _aBNGR
999 _c20799
_d20799